Logo CIB grande

Teoría electromagnética (Registro nro. 231949)

Detalles MARC
000 -LEADER
campo de control de longitud fija 00696nam a2200241Ia 4500
005 - FECHA Y HORA DE LA ÚLTIMA TRANSACCIÓN
campo de control 20250425162553.0
008 - DATOS DE LONGITUD FIJA--INFORMACIÓN GENERAL
campo de control de longitud fija 250425s9999 xx 000 0 und d
020 ## - NÚMERO INTERNACIONAL ESTÁNDAR DEL LIBRO
Número Internacional Estándar del Libro 9786071507839
041 ## - CÓDIGO DE IDIOMA
Código de lengua del texto/banda sonora o título independiente spa
043 ## - CÓDIGO DE ÁREA GEOGRÁFICA
Código de área geográfica mx
082 ## - NÚMERO DE LA CLASIFICACIÓN DECIMAL DEWEY
Número de clasificación 530.141
Iniciales del Autor HAY
010 ## - NÚMERO DE CONTROL DE LA BIBLIOTECA DEL CONGRESO
Número de control de LC 86339
100 ## - ENTRADA PRINCIPAL--NOMBRE DE PERSONA
Nombre de persona Hayt, William H.
245 #0 - MENCIÓN DEL TÍTULO
Título Teoría electromagnética
Mención de responsabilidad, etc. William H. Hayt, Jr. y John A. Buck
250 ## - MENCION DE EDICION
Mención de edición Octava edición
260 ## - PUBLICACIÓN, DISTRIBUCIÓN, ETC.
Lugar de publicación, distribución, etc. México
Nombre del editor, distribuidor, etc. MCGRAW-HILL
Fecha de publicación, distribución, etc. 2012
300 ## - DESCRIPCIÓN FÍSICA
Extensión 507 páginas
Otras características físicas ilustraciones
Dimensiones 27 cm.
500 ## - NOTA GENERAL
Nota general LIBRO RECUPERADO POR 3468ESPOL-TECH
504 ## - NOTA DE BIBLIOGRAFÍA, ETC.
Nota de bibliografía, etc. Nota Incluye apéndice e índice analítico
650 ## - PUNTO DE ACCESO ADICIONAL DE MATERIA--TÉRMINO DE MATERIA
Término de materia o nombre geográfico como elemento de entrada Teoría electromagnética
700 ## - ENTRADA AGREGADA--NOMBRE PERSONAL
Nombre de persona Buck, John A.
942 ## - ELEMENTOS DE ENTRADA SECUNDARIOS (KOHA)
Tipo de ítem Koha Libros
Existencias
Estatus retirado Estado de pérdida Estado de daño No para préstamo Biblioteca de origen Biblioteca actual Ubicación en estantería Fecha de adquisición Coste, precio normal de compra Etiqueta RFID Total de préstamos Código de barras Copia número Tipo de ítem Koha Nota pública Fuente de la clasificación o esquema de estantería Total de renovaciones Signatura topográfica completa Visto por última vez Fecha del último préstamo
        CENTRO DE INFORMACIÓN BIBLIOTECARIA CENTRO DE INFORMACIÓN BIBLIOTECARIA   30/07/2013 38.00 0000000000000000011328   56848 1 Libros            
        CENTRO DE INFORMACIÓN BIBLIOTECARIA CENTRO DE INFORMACIÓN BIBLIOTECARIA   20/04/2015 50.00 0000000000000000010125   57495 2 Libros            
        CENTRO DE INFORMACIÓN BIBLIOTECARIA CENTRO DE INFORMACIÓN BIBLIOTECARIA   05/08/2014 51.00 0000000000000000036986   68266 3 Libros Espol Tech E.P.          
        CENTRO DE INFORMACIÓN BIBLIOTECARIA CENTRO DE INFORMACIÓN BIBLIOTECARIA   04/12/2015 68.00 0000000000000000036970 2 68284 4 Libros Espol Tech E.P. Clasificación Decimal Dewey 1 530.141 HAY 16/07/2025 09/07/2025
        CENTRO DE INFORMACIÓN BIBLIOTECARIA CENTRO DE INFORMACIÓN BIBLIOTECARIA   04/12/2015 68.00 0000000000000000036969   68285 5 Libros Espol Tech E.P.          

Copyright 2025 ESPOL. Todos los derechos reservados.